Most Common Forms of Suicide - Statistics

General Stats
  • This quiz has been taken 98 times
    71 since last reset
  • The average score is 6 of 10
Answer Stats
Rank Answer % Correct
#3 Hanging
92%
#1 Gun Shot
91%
#7 Jumping
76%
#2 Overdose
70%
#10 Drowning
64%
#4 Poisoning
53%
#8 Exsanguinatation
52%
#6 Suffocation
32%
#5 Carbon Monoxide
18%
#9 Electric Shock
18%
No matching quizzes found
Score Distribution
Percent of People with Each Score
Percentile by Number Answered
Your Score History
You have not taken this quiz since the last reset